EBCC Central lamka silver jubilee souvenir : (Record no. 7707)

MARC details
000 -LEADER
fixed length control field 00387nam a22001457a 4500
003 - CONTROL NUMBER IDENTIFIER
control field GBCCL
005 - DATE AND TIME OF LATEST TRANSACTION
control field 20241126110634.0
008 - FIXED-LENGTH DATA ELEMENTS--GENERAL INFORMATION
fixed length control field 180912b ||||| |||| 00| 0 eng d
040 ## - CATALOGING SOURCE
Transcribing agency gbc
082 ## - DEWEY DECIMAL CLASSIFICATION NUMBER
Classification number SOU EBC
Item number 2008
245 ## - TITLE STATEMENT
Title EBCC Central lamka silver jubilee souvenir :
Remainder of title tutan Toupan honpi 1983-2008
260 ## - PUBLICATION, DISTRIBUTION, ETC.
Date of publication, distribution, etc. 2008
Place of publication, distribution, etc. Central lamka:
Name of publisher, distributor, etc. EBCC
300 ## - PHYSICAL DESCRIPTION
Extent 56p. ;
942 ## - ADDED ENTRY ELEMENTS (KOHA)
Source of classification or shelving scheme Dewey Decimal Classification
Koha item type Archives
Holdings
Withdrawn status Lost status Source of classification or shelving scheme Damaged status Not for loan Home library Current Library Shelving location Date acquired Total checkouts Full call number Barcode Date last seen Copy number Price effective from Koha item type
    Dewey Decimal Classification     GRACE BIBLE COLLEGE GRACE BIBLE COLLEGE Archives 2018-09-12   SOU EBC 2008 250065 2025-05-01 c.1 2018-09-12 Archives
    Dewey Decimal Classification     GRACE BIBLE COLLEGE GRACE BIBLE COLLEGE Archives 2018-09-12   SOU EBC 2008 250066 2025-05-01 c.2 2018-09-12 Archives
    Dewey Decimal Classification     GRACE BIBLE COLLEGE GRACE BIBLE COLLEGE Archives 2018-09-12   SOU EBC 2008 250067 2025-05-01 c.3 2018-09-12 Archives
    Dewey Decimal Classification     GRACE BIBLE COLLEGE GRACE BIBLE COLLEGE Archives 2018-09-12   SOU EBC 2008 250068 2025-05-01 c.4 2018-09-12 Archives
    Dewey Decimal Classification     GRACE BIBLE COLLEGE GRACE BIBLE COLLEGE Archives 2018-09-12   SOU EBC 2008 250069 2025-05-01 c.5 2018-09-12 Archives
    Dewey Decimal Classification     GRACE BIBLE COLLEGE GRACE BIBLE COLLEGE Archives 2018-09-12   SOU EBC 2008 250070 2025-05-01 c.6 2018-09-12 Archives
© Grace Bible College Library 2025